000
00203nam a2200073Ia 4500
008
170620s9999 xx 000 0 und d
100
_a
Pandey- Ramshakal (Hindi)
245
0
_a
Shiksha darshan (Hindi)
260
_b
Agra- Vinod Pustak Mandir
999
_c
23707
_d
23707